| 000 | 01019nam a2200169 i 4500 | ||
|---|---|---|---|
| 001 | 158471 | ||
| 003 | ES-MaACL | ||
| 005 | 20230906211149.0 | ||
| 008 | 990310s1855 sp aef |||| | spa d | ||
| 100 | 1 |
_aMaestre, Amalio ( _d1812-1872) _9129332 |
|
| 245 | 1 | 0 |
_aDescripción geológica industrial de la cuenca carbonífera de San Juan de las Abadesas, en la provincia de Gerona _b: con planos y cortes de dicha cuenca, y un mapa comparativo de proyectos de ferrocarril / _cpor Amalio Maestre. |
| 260 |
_aMadrid : _bImp., Fund. y Lib. de Don Eusebio Aguado, _c1855. |
||
| 300 |
_a45 p., [4] h. de planos pleg. : _bil. ; _c28 cm. |
||
| 650 | 4 |
_aGeología- _zGerona (Provincia) _9167379 |
|
| 852 |
_aES-MaACL _jT-902-F-15 _z- Enc. hol., conservando cub. original _z- Legado Federico de Botella y de Hornos _z- Enc. en un vol. facticio |
||
| 852 |
_aES-MaACL _jL-32448(6) _z- Enc. cart. _z. - Legado Federico de Botella y de Hornos _z- Enc. en un vol. facticio, con tít. en el lomo de: España, geología: memorias varias, 1 |
||
| 999 |
_c158471 _d158471 |
||